Ghair saami mzahib ke baani / (Record no. 525250)

000 -LEADER
fixed length control field 00456nam a22001697a 4500
003 - CONTROL NUMBER IDENTIFIER
control field NUST
020 ## - INTERNATIONAL STANDARD BOOK NUMBER
Terms of availability (Hbk)
038 ## - RECORD CONTENT LICENSOR
Staff Name M. Shaban
082 ## - DEWEY DECIMAL CLASSIFICATION NUMBER
Classification number 209.2
Author Mark JAV
100 ## - MAIN ENTRY--PERSONAL NAME
Personal name Javed, Iltaf
9 (RLIN) 15994
245 ## - TITLE STATEMENT
Title Ghair saami mzahib ke baani /
Statement of responsibility, etc. Iltaf Javed
260 ## - PUBLICATION, DISTRIBUTION, ETC.
Place of publication, distribution, etc. Lahore :
Name of publisher, distributor, etc. Apna Adara,
Date of publication, distribution, etc. 2004.
300 ## - PHYSICAL DESCRIPTION
Extent 263 p. ;
880 ## - ALTERNATE GRAPHIC REPRESENTATION
Linkage 100-01\r
Title الطاف جاوید
880 ## - ALTERNATE GRAPHIC REPRESENTATION
Linkage 245-02\r
Title غیر سامی مذاہب کے بانی /
942 ## - ADDED ENTRY ELEMENTS (KOHA)
Source of classification or shelving scheme
Koha item type Book
Holdings
Withdrawn status Lost status Source of classification or shelving scheme Damaged status Not for loan Permanent Location Current Location Shelving location Date acquired Total Checkouts Full call number Barcode Date last seen Price effective from Koha item type
          Central Library (CL) Central Library (CL) Urdu Literature 06/28/2019   209.2 JAV CL-E-1226 06/28/2019 06/28/2019 Book
© 2023 Central Library, National University of Sciences and Technology. All Rights Reserved.